Géographie de l'Amérique du Sud par lettre - C - Statistiques

Statistiques générales
  • Ce quiz a été pris 153 fois
  • Le résultat moyen est 11 sur 20
Statistiques - réponses
Question Réponse % Correct
Ligne imaginaire qui traverse l'Amérique du Sud Tropique du {Capricorne}
94%
Navigateur qui a donné son nom à un pays d'Amérique du Sud et au pont culminant de ce pays Christophe Colomb
92%
Capitale du Vénézuéla Caracas
80%
Festivité annuelle se déroulant non seulement à Rio mais dans de nombreuses autres villes d'Amérique du Sud, et attirant de nombreux touristes Carnaval
77%
Drogue très répandue en Europe et Amérique du Nord, et qui provient essentiellement d'Amérique du Sud Cocaïne
76%
Rapace emblématique des Andes, où il passe régulièrement Condor
71%
Célèbre plage de Rio de Janeiro Copacabana
70%
Religion dominante dans le continent Catholicisme
65%
Nom donné aux envahisseurs espagnols des empires aztèques et incas Conquistador
64%
C'est la plus grande ville francophone du continent Cayenne
60%
Plante originaire d'Arabie, mais dont aujourd'hui l'Amérique du Sud est la première région productrice. On en fait une boisson très répandue sur toute la planète Café
56%
Métal dont le Chili possède la plus grande mine du monde Cuivre
56%
Célèbre naufragé de fiction, qui a donné son nom à l'une des îles de l'archipel Juan Fernandez Robinson Crusoe
52%
Rongeur dont la fourrure est très appréciée (photo) Chinchilla
42%
Ancienne capitale de l'empire inca et actuellement département et ville du Pérou Cuzco
42%
Spécialité culinaire péruvienne à base de poisson cru mariné dans du citron Ceviche
40%
Nom donné aux habitants de cette ville Cariocas
36%
Île chilienne côtière, réputée pour ses maisons multicolores et ses églises en bois Île de {Chiloe}
8%
Point culminant de l'Equateur, ce volcan est parfois considéré comme le plus haut sommet du monde si l'on considère sa hauteur par rapport au centre de la Terre Chimborazo
6%
Région centrale d'Amérique du Sud, qui a donné son nom à une province argentine, une province bolivienne, une région du Paraguay Gran {Chaco}
5%
Aucun quiz correspondant
Distribution des résultats
% des personnes avec chaque résultat
Percentile par nombre de réponses
Votre historique - résultats
Vous n’avez pas pris ce quiz